000 00586nam a2200229Ia 4500
003 OSt
005 20220923221701.0
006 a|||||r|||| 00| 0
007 ta
008 220922b |||||||| |||| 00| 0 hin d
024 _a199,299
037 _cTextual
040 _aARTS
_cARTS
_bhin
041 _2hin
_ahin
082 _aQ, 152G2
100 _aसत्यदेव
_9156280
245 0 _aराष्ट्र्धर्म
246 _aRāṣhṭrdharma
260 _c1973
942 _hQ, 152G2
_cTEXL
_2CC
999 _c351074
_d351074